000
00328pab a2200145 454500
008
180718b1983 xxu||||| |||| 00| 0 eng d
100
_a
Srivastava, Vinay
245
_a
Rethinking charisma
260
_c
1983
300
_a
27-43
362
_a
Dec.
650
_a
Leadership
773
_a
Indian Anthropoligist
909
_a
12400
999
_c
12400
_d
12400